000 00268nam a22001217a 4500
008 170906b xxu||||| |||| 00| 0 eng d
041 _aeng
080 _22ND
_a72
100 _a41
101 _aARK
245 _aHEAVY TIMBER CONSTRUCTION
_cOBERG,F.R
942 _2udc
_cBK
999 _c26340
_d26340